Estatísticas para Bandeiras das Americas

Clique aqui para jogar o quiz

Estatísticas Gerais

  • Esse quiz foi jogado 698 vezes
  • A pontuação média é 29 de 35

Estatísticas das Respostas

Resposta% Correto
Argentina
100%
Brasil
97%
Canadá
97%
Estados Unidos
96%
Colombia
95%
Chile
93%
Mexico
93%
Cuba
92%
Jamaica
92%
Equador
91%
Uruguai
91%
Barbados
89%
Peru
87%
Venezuela
87%
Panamá
86%
Honduras
85%
Paraguai
85%
Costa Rica
84%
Republica Dominicana
81%
Antígua e Barbuda
80%
Bahamas
80%
Bolivia
80%
Belize
79%
El Salvador
79%
Haiti
77%
Nicaragua
77%
Guatemala
75%
Guiana
75%
Granada
73%
Suriname
73%
Trinidad e Tobago
73%
Santa Lúcia
72%
Dominica
70%
São Vicente e Granadinas
66%
São Cristóvão e Nevis
59%

Distribuição das Pontuações

Percentil de Números Respondidos

Porcentagem de Pessoas com Cada Pontuação

Sua Pontuação Histórica

Você não jogou esse quiz